Online
Catalog

Profiles in courage / (Record no. 891)

MARC details
000 -CABECERA
campo de control de longitud fija 00760cam a2200217 4500
001 - NÚMERO DE CONTROL
campo de control 000000899
005 - FECHA Y HORA DE LA ÚLTIMA TRANSACCIÓN
campo de control 20200929145432.0
008 - DATOS DE LONGITUD FIJA--INFORMACIÓN GENERAL
campo de control de longitud fija 790810s1963 nyua b 001 0deng
040 ## - FUENTE DE LA CATALOGACIÓN
Centro catalogador/agencia de origen DO-SdBNP
Lengua de catalogación spa
Centro/agencia transcriptor BNPHU
082 ## - NÚMERO DE LA CLASIFICACIÓN DECIMAL DEWEY
Número de clasificación 923.273
Número de documento/Ítem K35p
100 1# - ENTRADA PRINCIPAL--NOMBRE DE PERSONA
Nombre de persona Kennedy, John F.
Forma completa/desarrollada del nombre (John Fitzgerald),
Fechas asociadas al nombre 1917-1963.
9 (RLIN) 3189
245 10 - MENCIÓN DE TÍTULO
Título Profiles in courage /
Mención de responsabilidad, etc. John F. Kennedy.
260 ## - PUBLICACIÓN, DISTRIBUCIÓN, ETC.
Lugar de publicación, distribución, etc. New York :
Nombre del editor, distribuidor, etc. Pocket Books,
Fecha de publicación, distribución, etc. 1963.
300 ## - DESCRIPCIÓN FÍSICA
Extensión 233 p. :
Otras características físicas il. ;
Dimensiones 17 cm.
440 #0 - MENCIÓN DE SERIE/PUNTO DE ACCESO ADICIONAL--TÍTULO
Título Giant cardinal ;
Designación de volumen o secuencia no. 238
9 (RLIN) 3190
500 ## - NOTA GENERAL
Nota general Publicada originalmente: Harper & Brothers, 1956
500 ## - NOTA GENERAL
Nota general Incluye índice
504 ## - NOTA DE BIBLIOGRAFÍA, ETC.
Nota de bibliografía, etc. Incluye bibliografía (p.215-226)
610 14 - PUNTO DE ACCESO ADICIONAL DE MATERIA--NOMBRE DE ENTIDAD CORPORATIVA
Nombre de entidad corporativa o nombre de jurisdicción como elemento de entrada ESTADOS UNIDOS
Unidad subordinada CONGRESO
-- SENADO
Subdivisión de forma BIOGRAFÍAS
9 (RLIN) 3191
650 #4 - PUNTO DE ACCESO ADICIONAL DE MATERIA--TÉRMINO DE MATERIA
Término de materia o nombre geográfico como elemento de entrada Estados unidos
Subdivisión general Política y gobierno
9 (RLIN) 3192
Holdings
Estado de retiro Estado de pérdida No para préstamo Código de colección Localización permanente Ubicación/localización actual Ubicación en estantería Fecha de adquisición Número de inventario Total de préstamos Signatura topográfica completa Código de barras Fecha visto por última vez Precio válido a partir de Tipo de ítem Koha
    Préstamo en sala Dominicana de Servicio Biblioteca Nacional Pedro Henríquez Ureña Biblioteca Nacional Pedro Henríquez Ureña Depósito 10.06.2009 LF1   923.273 K35p 899-10 25.06.2020 25.06.2020 Libros y folletos

Powered by Koha